Theorie der Interpretation vom Humanismus bis zur Romantik - Rechtswissenschaft, Philosophie, Theologie. Beiträge zu einem interdisziplinären Symposion in Tübingen, 29. September bis 1. Oktober 1999
Guardat en:
| Altres autors: | |
|---|---|
| Format: | Llibre |
| Publicat: |
Stuttgart, Deutschland:
Franz Steiner,
2001.
|
| Col·lecció: | Contubernium,
58. |
| Matèries: | |
| Etiquetes: |
Afegir etiqueta
Sense etiquetes, Sigues el primer a etiquetar aquest registre!
|
MARC
| LEADER | 00000nam a22000007a 4500 | ||
|---|---|---|---|
| 003 | CL-VaPUC | ||
| 005 | 20220822114803.0 | ||
| 008 | 220803t2001 ||||| |||| 00| 0 eng d | ||
| 999 | |c 437888 |d 437886 | ||
| 020 | |a 3-515-07897-5 | ||
| 040 | |c Pontificia Universidad Católica de Valparaíso | ||
| 082 | 7 | |a 121.68 SCH 2001 |2 22 | |
| 100 | 1 | |a Schröder, Jan |e editor |9 874597 | |
| 245 | |a Theorie der Interpretation vom Humanismus bis zur Romantik - Rechtswissenschaft, Philosophie, Theologie. |b Beiträge zu einem interdisziplinären Symposion in Tübingen, 29. September bis 1. Oktober 1999 | ||
| 260 | |a Stuttgart, Deutschland: |b Franz Steiner, |c 2001. | ||
| 300 | |a 355 páginas. | ||
| 490 | |a Contubernium, |v 58. | ||
| 500 | |a c.1. Donación Familia Prof. Alejandro Guzmán Brito. | ||
| 583 | |c 20220802 |k Cristina María Rojas Aguilar | ||
| 650 | |a Hermenéutica |x Filosofía |9 874649 | ||
| 650 | |a Teología filosófica |9 333850 | ||
| 650 | |a Derecho |x Filosofía |9 866192 | ||
| 942 | |2 ddc |c BK |n 0 | ||
| 952 | |0 0 |1 0 |2 ddc |4 0 |6 121_680000000000000_SCH_2001 |7 0 |8 C_AGB |9 585740 |a BIBDER |b BIBDER |d 2022-08-03 |e Donación |i 5653715 |o 121.68 SCH 2001 |p 5653715 |r 2023-01-25 |t 1 |w 2022-08-03 |y BK_US |k AGB | ||